[Event "Sri Lanka Women's National B Chess Championship 20"]
[Site "SLIIT, Malabe"]
[Date "2015.05.19"]
[Round "1"]
[Board "1"]
[White "Premanath, Dinushki"]
[Black "Jayaweera, Sayuni Gihansa"]
[Result "1-0"]
[WhiteElo "1854"]
[BlackElo "1437"]
[PlyCount "102"]
[EventDate "2015.05.19"]
[EventRounds "10"]
[EventCountry "SRI"]

1. e4 c5 2. Nf3 g6 3. d4 cxd4 4. Nxd4 Nf6 5. Nc3 d6 6. Be3 Bg7 7. f3 a6 8. Qd2
h5 9. Bc4 Nbd7 10. Bb3 Nc5 11. O-O-O Nxb3+ 12. Nxb3 b5 13. e5 Nd7 14. exd6 e6
15. Ne4 Bb7 16. Nbc5 Bxe4 17. Nxe4 Rc8 18. Kb1 O-O 19. Bh6 Qb6 20. Bxg7 Kxg7
21. g4 Rh8 22. Rhg1 h4 23. f4 Rc4 24. Qd3 Qc6 25. Rge1 Rc8 26. Re2 Qb7 27. b3
Qb6 28. Qh3 Rd4 29. Rxd4 Qxd4 30. Re1 a5 31. Qxh4 a4 32. Qf2 Qd5 33. Qd2 Qxd2
34. Nxd2 axb3 35. axb3 Rc5 36. Ne4 Rd5 37. Kc1 f5 38. Ng5 Rxd6 39. Rxe6 Rd5 40.
Re7+ Kf8 41. Rf7+ Ke8 42. gxf5 Rxf5 43. h4 Nf8 44. h5 Rc5 45. Rxf8+ Kxf8 46.
Ne6+ Kf7 47. Nxc5 Kg7 48. Ne6+ Kh6 49. Nd4 Kxh5 50. Nxb5 Kg4 51. Nd4 Kxf4 {
(Unclear Recording)} 1-0

[Event "Sri Lanka Women's National B Chess Championship 20"]
[Site "SLIIT, Malabe"]
[Date "2015.05.19"]
[Round "1"]
[Board "2"]
[White "Pasqual, Anuki"]
[Black "Udupitiya, U G S S S"]
[Result "1/2-1/2"]
[WhiteElo "1423"]
[BlackElo "1701"]
[PlyCount "80"]
[EventDate "2015.05.19"]
[EventRounds "10"]
[EventCountry "SRI"]

1. e4 c5 2. Nc3 d6 3. f4 Nc6 4. Nf3 g6 5. Bc4 Bg7 6. O-O e6 7. d3 Nge7 8. Qe1
a6 9. f5 exf5 10. exf5 Bxf5 11. Ng5 Bd4+ 12. Kh1 Ne5 13. Bb3 h6 14. Qh4 N7c6
15. Re1 Be6 16. Bxe6 fxe6 17. Qh3 Qd7 18. Nxe6 Bxc3 19. bxc3 Ke7 20. Nf4 Qxh3
21. Nxh3 Kd7 22. Bf4 g5 23. Bg3 Rhf8 24. Nf2 Rae8 25. Rad1 Kc7 26. Ne4 Rd8 27.
Nxc5 dxc5 28. Bxe5+ Nxe5 29. Rxe5 b6 30. Re7+ Rd7 31. Rxd7+ Kxd7 32. Kg1 Rf6
33. d4 Kd6 34. a4 Kd5 35. dxc5+ Kxc5 36. g3 Kc4 37. Rd3 h5 38. Kg2 b5 39. axb5
axb5 40. Re3 Rf5 1/2-1/2

[Event "Sri Lanka Women's National B Chess Championship 20"]
[Site "SLIIT, Malabe"]
[Date "2015.05.19"]
[Round "1"]
[Board "3"]
[White "Wickramasinghe, Dilhara Ishini"]
[Black "Rodrigo, T M Janudi"]
[Result "1-0"]
[WhiteElo "1698"]
[BlackElo "1421"]
[PlyCount "75"]
[EventDate "2015.05.19"]
[EventRounds "10"]
[EventCountry "SRI"]

1. d4 c5 2. d5 Nf6 3. c4 e6 4. Nc3 exd5 5. cxd5 d6 6. e4 g6 7. Bf4 a6 8. a4
Nbd7 9. Nf3 Qe7 10. Nd2 Ne5 11. Be2 Bg4 12. Bxe5 Bxe2 13. Bxf6 Qxf6 14. Qxe2
Bg7 15. O-O O-O 16. Nc4 Qd8 17. Qe3 Rb8 18. a5 Re8 19. Rfe1 Bd4 20. Qf3 Qc7 21.
Ne2 Bg7 22. Nf4 Re7 23. Nd3 Rbe8 24. e5 Qd8 25. Nxd6 Rf8 26. Nc4 Rfe8 27. d6
Re6 28. Nxc5 Qh4 29. Nxe6 Rxe6 30. Re4 Qd8 31. Rae1 f5 32. exf6 Rxe4 33. Qxe4
Bf8 34. Qe6+ Kh8 35. Ne5 Qb8 36. Nf7+ Kg8 37. Nh6+ Kh8 38. Qg8# 1-0

[Event "Sri Lanka Women's National B Chess Championship 20"]
[Site "SLIIT, Malabe"]
[Date "2015.05.19"]
[Round "1"]
[Board "4"]
[White "Wijesuriya, G P Y"]
[Black "Ranasinghe, Thinithi Sahanika"]
[Result "0-1"]
[WhiteElo "1408"]
[BlackElo "1682"]
[PlyCount "98"]
[EventDate "2015.05.19"]
[EventRounds "10"]
[EventCountry "SRI"]

1. e4 c6 2. d4 d5 3. e5 Bf5 4. f4 e6 5. Nf3 Nd7 6. Be2 c5 7. Nbd2 Ne7 8. Nf1 h6
9. Ne3 Be4 10. c3 Nc6 11. Nc2 Qb6 12. a3 a5 13. O-O Be7 14. Nce1 O-O 15. Kh1 a4
16. Bd3 Bxd3 17. Qxd3 Na5 18. f5 Nb3 19. Rb1 Nxc1 20. Rxc1 Rac8 21. Rb1 Rc7 22.
Nd2 cxd4 23. cxd4 f6 24. Nef3 exf5 25. Qxf5 fxe5 26. Qh5 Qe6 27. Nxe5 Nxe5 28.
Rfe1 Rf5 29. Rxe5 Rxe5 30. Qxe5 Qxe5 31. dxe5 Bg5 32. Rd1 Bxd2 33. g3 Rc1 34.
Rxc1 Bxc1 35. Kg2 Bxb2 36. Kf3 Bxa3 37. Ke3 Bc5+ 38. Kd3 a3 39. Kc2 b5 40. e6
b4 41. Kb3 Kf8 42. g4 Ke7 43. h4 d4 44. Kc2 a2 45. Kb2 b3 46. g5 d3 47. g6 d2
48. h5 d1=Q 49. Kc3 a1=Q+ 0-1

[Event "Sri Lanka Women's National B Chess Championship 20"]
[Site "SLIIT, Malabe"]
[Date "2015.05.19"]
[Round "1"]
[Board "5"]
[White "Askey, Roshell Nathasha"]
[Black "Tennakoonwela, Pamudie Sasankh"]
[Result "1/2-1/2"]
[WhiteElo "1637"]
[BlackElo "1377"]
[PlyCount "40"]
[EventDate "2015.05.19"]
[EventRounds "10"]
[EventCountry "SRI"]

1. e4 c5 2. Nf3 d6 3. d4 cxd4 4. Nxd4 Nf6 5. Nc3 a6 6. h3 e6 7. Be3 Be7 8. Be2
Nc6 9. Nb3 b5 10. a3 Bb7 11. f4 Rc8 12. Bf3 Qc7 13. Qe2 Na5 14. Nxa5 Qxa5 15.
O-O O-O 16. Bf2 Qc7 17. Bb6 Qb8 18. Rfd1 Qa8 19. Re1 Rc4 20. Bd4 Rfc8 {
(Unclear Recording)} 1/2-1/2

[Event "Sri Lanka Women's National B Chess Championship 20"]
[Site "SLIIT, Malabe"]
[Date "2015.05.19"]
[Round "1"]
[Board "6"]
[White "Thuduwage, Yasasirini Pabasara"]
[Black "Rajapaksa, Miyuni Kavinya"]
[Result "1-0"]
[WhiteElo "1373"]
[BlackElo "1583"]
[PlyCount "53"]
[EventDate "2015.05.19"]
[EventRounds "10"]
[EventCountry "SRI"]

1. d4 d5 2. c4 dxc4 3. Nc3 e5 4. Nf3 exd4 5. Qxd4 Qxd4 6. Nxd4 a6 7. Bf4 Bd6 8.
Bxd6 cxd6 9. Nd5 Kd8 10. Nb6 Ra7 11. Nxc4 b5 12. Nxd6 Rd7 13. Nxc8 Rxd4 14. Rc1
Nf6 15. e3 Rd7 16. Nb6 Rc7 17. Rd1+ Ke7 18. Nd5+ Nxd5 19. Rxd5 Rhc8 20. Be2 Nc6
21. a3 Na5 22. O-O Rc2 23. Bg4 R8c4 24. f4 Rxb2 25. Rfd1 Rc7 26. Re5+ Kf6 27.
Rd6# 1-0

[Event "Sri Lanka Women's National B Chess Championship 20"]
[Site "SLIIT, Malabe"]
[Date "2015.05.19"]
[Round "1"]
[Board "7"]
[White "Balasuriya, Sajini Hasara"]
[Black "Sarathchandra, Thihansa Dewwan"]
[Result "1-0"]
[WhiteElo "1571"]
[BlackElo "1338"]
[PlyCount "133"]
[EventDate "2015.05.19"]
[EventRounds "10"]
[EventCountry "SRI"]

1. d4 Nf6 2. c4 c5 3. d5 b5 4. cxb5 a6 5. b6 g6 6. a4 Qxb6 7. a5 Qb7 8. Nc3 d6
9. e4 Bg7 10. Nf3 O-O 11. Be2 Nbd7 12. O-O Ng4 13. Ng5 Ngf6 14. f4 Ne8 15. Kh1
Nc7 16. Qd3 Nf6 17. Na4 Bd7 18. Qc2 Bxa4 19. Rxa4 Nb5 20. Be3 Rfb8 21. b4 cxb4
22. Rxb4 Rc8 23. Qb3 Rab8 24. Bxb5 axb5 25. Rb1 Nd7 26. Rxb5 Qxb5 27. Qxb5 Rxb5
28. Rxb5 Rb8 29. Rxb8+ Nxb8 30. Nf3 Bc3 31. Bb6 Kf8 32. Nd4 Bxd4 33. Bxd4 Ke8
34. Bb6 Kd7 35. Kg1 Kc8 36. Kf2 Nd7 37. Bd4 Kb7 38. e5 dxe5 39. fxe5 Ka6 40.
Bc3 Nc5 41. Ke3 Nb7 42. Bb4 Nxa5 43. Bxe7 Kb7 44. Kf4 Kc7 45. Kg5 h5 46. Kf6
Nc4 47. Bd6+ Nxd6 48. exd6+ Kxd6 49. Kxf7 Kxd5 50. Kxg6 h4 51. Kf5 Kd6 52. Kg4
h3 53. Kxh3 Ke5 54. Kg4 Kf6 55. Kh5 Kg7 56. Kg5 Kh7 57. h4 Kg7 58. g4 Kh7 59.
Kf6 Kh8 60. g5 Kh7 61. h5 Kg8 62. Kg6 Kh8 63. Kf7 Kh7 64. g6+ Kh8 65. g7+ Kh7
66. g8=Q+ Kh6 67. Qg6# 1-0

[Event "Sri Lanka Women's National B Chess Championship 20"]
[Site "SLIIT, Malabe"]
[Date "2015.05.19"]
[Round "1"]
[Board "8"]
[White "Athukorala, Shavindi Uddeepana"]
[Black "Peiris, H Pevinya"]
[Result "0-1"]
[WhiteElo "1331"]
[BlackElo "1563"]
[PlyCount "77"]
[EventDate "2015.05.19"]
[EventRounds "10"]
[EventCountry "SRI"]

1. d4 b6 2. c4 Bb7 3. Nc3 Nf6 4. e3 e6 5. Nf3 Bb4 6. Bd2 Bxc3 7. Bxc3 Ne4 8.
Be2 d6 9. h3 Nd7 10. Rc1 f5 11. Qc2 O-O 12. b3 Nxc3 13. Qxc3 Nf6 14. Qc2 Qe8
15. Rg1 Rc8 16. Nd2 e5 17. d5 e4 18. Nf1 c6 19. Ng3 g6 20. dxc6 Bxc6 21. Qd2
Qe5 22. Nf1 Kf7 23. Rd1 Rfd8 24. g3 d5 25. Qb4 d4 26. exd4 Rxd4 27. Rxd4 Qxd4
28. Qd2 Qxd2+ 29. Kxd2 Nd7 30. Ne3 Ne5 31. Kc3 Rd8 32. Rd1 Rxd1 33. Nxd1 Ke6
34. Kd4 g5 35. Nc3 Ng6 36. Bh5 Nf8 37. Be2 Nd7 38. b4 Kd6 39. g4 0-1

[Event "Sri Lanka Women's National B Chess Championship 20"]
[Site "SLIIT, Malabe"]
[Date "2015.05.19"]
[Round "1"]
[Board "9"]
[White "Gamage, Nethmi Nirasha"]
[Black "Sarathchandra, Gihansa M"]
[Result "0-1"]
[WhiteElo "1514"]
[BlackElo "1297"]
[PlyCount "94"]
[EventDate "2015.05.19"]
[EventRounds "10"]
[EventCountry "SRI"]

1. d4 d5 2. c4 c6 3. g3 e6 4. Nf3 Bd6 5. Bg2 Nd7 6. O-O f5 7. Nc3 Ngf6 8. Ne1
O-O 9. f3 e5 10. dxe5 Bc5+ 11. Kh1 Nxe5 12. cxd5 cxd5 13. Nd3 Nxd3 14. Qxd3 a6
15. Rd1 Be6 16. Bf4 Kh8 17. Rac1 Ba7 18. e3 Qd7 19. Ne2 Rac8 20. Nd4 Rxc1 21.
Rxc1 Rc8 22. Rd1 h6 23. Nxe6 Qxe6 24. Bh3 Re8 25. Bxf5 Qc6 26. Bg6 Re6 27. Bf5
Re7 28. g4 g5 29. Bg3 Rxe3 30. Qf1 d4 31. Rc1 Rxf3 32. Rxc6 Rxf1+ 33. Kg2 bxc6
34. Kxf1 c5 35. Ke2 Kg7 36. Bd3 a5 37. Kf3 Nd5 38. Be5+ Kf8 39. Ke4 Ne3 40. h3
Kf7 41. b3 Bb6 42. Bb8 Ke6 43. Be5 Kf7 44. Bg3 a4 45. Ke5 Bc7+ 46. Ke4 Bxg3 47.
bxa4 Bc7 0-1

[Event "Sri Lanka Women's National B Chess Championship 20"]
[Site "SLIIT, Malabe"]
[Date "2015.05.19"]
[Round "1"]
[Board "10"]
[White "Herath, H M A"]
[Black "Saumy, Zainab"]
[Result "0-1"]
[WhiteElo "1282"]
[BlackElo "1510"]
[PlyCount "82"]
[EventDate "2015.05.19"]
[EventRounds "10"]
[EventCountry "SRI"]

1. e4 c5 2. Nf3 d6 3. d4 cxd4 4. Nxd4 Nf6 5. Nc3 a6 6. Be3 e5 7. Nf3 Qc7 8. Qd2
Be7 9. Be2 h6 10. a3 Be6 11. O-O Ng4 12. h3 Nxe3 13. Qxe3 Nd7 14. Rad1 Nf6 15.
Rfe1 O-O 16. Bd3 Rac8 17. Qe2 Nh5 18. Qd2 Nf4 19. Rc1 Qd7 20. Bf1 f5 21. Ne2
fxe4 22. Nxf4 Rxf4 23. Nh2 Rcf8 24. Re2 Bg5 25. Qe1 d5 26. f3 exf3 27. Nxf3
Rxf3 28. gxf3 Bxc1 29. Rh2 Bf4 30. Rh1 Qa4 31. c3 Qc2 32. b4 Rf6 33. Qe2 Rg6+
34. Kf2 Bg3+ 35. Kg1 Qxc3 36. Bg2 d4 37. Qe4 Bf5 38. Qe2 Bd3 39. Qd1 Bc4 40.
Bf1 Qe3+ 41. Kg2 Qf2# 0-1

[Event "Sri Lanka Women's National B Chess Championship 20"]
[Site "SLIIT, Malabe"]
[Date "2015.05.19"]
[Round "1"]
[Board "11"]
[White "De Silva, Chamindra"]
[Black "Hewawasam, Nevanjee Dimanya"]
[Result "1-0"]
[WhiteElo "1509"]
[BlackElo "1277"]
[PlyCount "75"]
[EventDate "2015.05.19"]
[EventRounds "10"]
[EventCountry "SRI"]

1. e4 c5 2. Nf3 d6 3. d4 cxd4 4. Nxd4 Nf6 5. Nc3 g6 6. Be3 Bg7 7. f3 O-O 8. Bc4
Nc6 9. Qd2 Bd7 10. h4 h5 11. O-O-O Rc8 12. Bb3 Ne5 13. Qe2 a6 14. Kb1 b5 15.
Nd5 Nc4 16. Nxf6+ Bxf6 17. f4 Bg4 18. Nf3 Nxb2 19. Rd2 Bc3 20. Rd5 e6 21. Rg5
Bf6 22. Rxg4 hxg4 23. Ng5 Na4 24. Qxg4 Nc3+ 25. Kc1 Qa5 26. h5 Nxa2+ 27. Kd1
Nc3+ 28. Kd2 Nxe4+ 29. Ke2 Nc3+ 30. Kf3 Qb4 31. hxg6 Bxg5 32. gxf7+ Kxf7 33.
Bxe6+ Ke8 34. Bd7+ Kd8 35. Bf5 Rb8 36. Qxg5+ Ke8 37. Rh7 d5 38. Bd7# 1-0

[Event "Sri Lanka Women's National B Chess Championship 20"]
[Site "SLIIT, Malabe"]
[Date "2015.05.19"]
[Round "1"]
[Board "12"]
[White "Herath, Sanduni"]
[Black "Tharushi, T H D Niklesha"]
[Result "0-1"]
[WhiteElo "1225"]
[BlackElo "1508"]
[PlyCount "78"]
[EventDate "2015.05.19"]
[EventRounds "10"]
[EventCountry "SRI"]

1. d4 e6 2. c4 Nf6 3. g3 Bb4+ 4. Nc3 Ne4 5. Qc2 d5 6. Bg2 f5 7. f3 Nf6 8. a3
Bxc3+ 9. bxc3 c6 10. cxd5 cxd5 11. f4 Nc6 12. Nf3 Qc7 13. Qd3 Ne4 14. Bd2 Na5
15. O-O O-O 16. Qc2 Nc4 17. Rfc1 Bd7 18. Be1 Bb5 19. Ne5 Nxe5 20. dxe5 Qc5+ 21.
Kf1 Rac8 22. Bxe4 fxe4 23. Bf2 e3 24. Be1 d4 25. Qb3 Qc6 26. Kg1 d3 27. exd3
Bxd3 28. Qb2 e2 29. Bf2 Qf3 30. Qb4 Be4 31. Qxe4 Qxe4 32. Bxa7 Rxc3 33. Rxc3
e1=R+ 34. Rxe1 Qxe1+ 35. Kg2 Qxc3 36. a4 Qc2+ 37. Kg1 Rd8 38. Kh1 Rd1+ 39. Bg1
Qe4# 0-1

[Event "Sri Lanka Women's National B Chess Championship 20"]
[Site "SLIIT, Malabe"]
[Date "2015.05.19"]
[Round "1"]
[Board "13"]
[White "Udagedara, Sandali Kanishka"]
[Black "Dissanayake, R K Janani"]
[Result "1-0"]
[WhiteElo "1492"]
[BlackElo "1224"]
[PlyCount "83"]
[EventDate "2015.05.19"]
[EventRounds "10"]
[EventCountry "SRI"]

1. d4 Nf6 2. c4 g6 3. Nc3 Bg7 4. e4 d6 5. f3 O-O 6. Be3 Nbd7 7. Qd2 c5 8. d5
Ne5 9. g4 e6 10. O-O-O Qb6 11. Bh6 exd5 12. cxd5 Nfxg4 13. Bxg7 Kxg7 14. fxg4
Bxg4 15. Be2 Bxe2 16. Qxe2 c4 17. Nf3 Nd3+ 18. Kb1 Rae8 19. b3 f5 20. Nd2 Qd4
21. Nxc4 fxe4 22. Nxd6 Re5 23. Ndxe4 Rf2 24. Qxd3 Qxd3+ 25. Rxd3 Rf4 26. d6 Re8
27. d7 Rd8 28. Nc5 Rf6 29. Nxb7 Rb8 30. d8=Q Rxd8 31. Nxd8 Rf5 32. Rd7+ Kh6 33.
Nf7+ Kh5 34. Ne4 Rf4 35. Nfd6 Kh6 36. Rg1 Rh4 37. Nf7+ Kg7 38. Nfg5+ Kf8 39.
Rf1+ Kg8 40. Rd8+ Kg7 41. Rf7+ Kh6 42. Rxh7# 1-0

[Event "Sri Lanka Women's National B Chess Championship 20"]
[Site "SLIIT, Malabe"]
[Date "2015.05.19"]
[Round "1"]
[Board "15"]
[White "Kodikara, K K M Sachintha"]
[Black "Waduge, T S H A"]
[Result "1-0"]
[WhiteElo "1474"]
[BlackElo "1208"]
[PlyCount "121"]
[EventDate "2015.05.19"]
[EventRounds "10"]
[EventCountry "SRI"]

1. Nf3 c5 2. g3 d5 3. d3 Nc6 4. Bg2 Nf6 5. Nbd2 e5 6. O-O Be7 7. c4 O-O 8. cxd5
Nxd5 9. Nc4 f6 10. Qb3 Kh8 11. e3 Nc7 12. Rd1 Rb8 13. Bd2 Be6 14. Qc2 b6 15.
Ne1 Qd7 16. b3 Bh3 17. Nf3 Rfd8 18. Be1 Bxg2 19. Kxg2 Qe6 20. Qb2 Nd5 21. a3 b5
22. Na5 Nxa5 23. Bxa5 Rdc8 24. Qd2 Nb6 25. Bxb6 Rxb6 26. Qc3 c4 27. Rdc1 Rbc6
28. bxc4 bxc4 29. d4 exd4 30. Nxd4 Qd5+ 31. e4 Qxe4+ 32. f3 Qd5 33. Nxc6 Rxc6
34. Re1 Qd7 35. Rad1 Rd6 36. Rxd6 Qxd6 37. Qxc4 h6 38. Qe4 Bf8 39. a4 a6 40.
Qe6 Qd2+ 41. Re2 Qd3 42. Qe8 Qa3 43. Qc6 Qd3 44. Qc2 Qd6 45. Qa2 a5 46. Re8 Qc5
47. Qe2 Kg8 48. Qa2+ Kh8 49. Qb3 Kh7 50. Qb5 Qb4 51. Qxb4 Bxb4 52. Kf2 Kg6 53.
Ra8 Kf5 54. Ke3 Bc5+ 55. Kd3 Ke5 56. Rxa5 Kd5 57. Ra8 h5 58. Rh8 g6 59. Rh6 Bg1
60. h3 Bh2 61. Rxg6 1-0

[Event "Sri Lanka Women's National B Chess Championship 20"]
[Site "SLIIT, Malabe"]
[Date "2015.05.19"]
[Round "1"]
[Board "16"]
[White "Weerasinghe, Asani Sankalpana"]
[Black "Gunawardana, I M T M"]
[Result "0-1"]
[WhiteElo "1177"]
[BlackElo "1466"]
[PlyCount "48"]
[EventDate "2015.05.19"]
[EventRounds "10"]
[EventCountry "SRI"]

1. e4 e5 2. Nf3 Nc6 3. Bb5 a6 4. Ba4 Nf6 5. O-O Nxe4 6. Re1 Nc5 7. Bxc6 dxc6 8.
Nxe5 Be7 9. d4 Ne6 10. c3 O-O 11. f4 Bh4 12. Rf1 Bf6 13. Be3 Qe7 14. Nf3 Re8
15. Na3 Nc5 16. Qe2 Ne4 17. Ne5 c5 18. Rad1 cxd4 19. cxd4 Be6 20. Nac4 Nd6 21.
b3 Nf5 22. Na5 c6 23. Nec4 Bxc4 24. bxc4 Qb4 {(Poor Recording)} 0-1

[Event "Sri Lanka Women's National B Chess Championship 20"]
[Site "SLIIT, Malabe"]
[Date "2015.05.19"]
[Round "1"]
[Board "17"]
[White "Yapa Bandara, Chamodya"]
[Black "Mayuraji, L M Dinya"]
[Result "1-0"]
[WhiteElo "1460"]
[BlackElo "1137"]
[PlyCount "51"]
[EventDate "2015.05.19"]
[EventRounds "10"]
[EventCountry "SRI"]

1. e4 e5 2. Nf3 Nc6 3. d4 exd4 4. Bc4 Qe7 5. O-O d6 6. Nxd4 Nxd4 7. Qxd4 Nf6 8.
Nc3 c6 9. a4 g6 10. Bf4 b6 11. Rfe1 c5 12. Qd2 Nd7 13. Nd5 Qd8 14. e5 dxe5 15.
Bxe5 Nxe5 16. Rxe5+ Be6 17. Bb5+ Qd7 18. Bxd7+ Kxd7 19. Nxb6+ Kc7 20. Nxa8+ Kb7
21. Qe3 Kxa8 22. Qf3+ Kb8 23. Rd1 Be7 24. Rxe6 fxe6 25. Rd7 Kc8 26. Qb7# 1-0

[Event "Sri Lanka Women's National B Chess Championship 20"]
[Site "SLIIT, Malabe"]
[Date "2015.05.19"]
[Round "1"]
[Board "18"]
[White "Subasinghe, S M T D"]
[Black "Abeysinghe, H M H Janandani"]
[Result "0-1"]
[WhiteElo "1044"]
[BlackElo "1444"]
[PlyCount "122"]
[EventDate "2015.05.19"]
[EventRounds "10"]
[EventCountry "SRI"]

1. e4 c5 2. Nf3 d6 3. d4 cxd4 4. Nxd4 g6 5. Nc3 Bg7 6. Be3 Nf6 7. Be2 Nc6 8.
Qd2 O-O 9. O-O-O Bd7 10. f3 a6 11. Kb1 Rc8 12. Rhe1 Ne5 13. a3 Nc4 14. Bxc4
Rxc4 15. Qd3 b5 16. b3 Rc8 17. Bf4 e5 18. Bxe5 dxe5 19. Nde2 Qc7 20. g4 b4 21.
g5 bxc3 22. gxf6 Bb5 23. Qxc3 Qxc3 24. Nxc3 Rxc3 25. fxg7 Kxg7 26. a4 Bc6 27.
Rd6 Rc8 28. Rf1 Rxc2 29. Kxc2 Bb5+ 30. Kb2 Bxf1 31. Rd5 Re8 32. h4 Be2 33. Rd6
Re6 34. Rd5 Bxf3 35. Ra5 Bxe4 36. b4 Bc6 37. Rxa6 Bxa4 38. Rxa4 f5 39. b5 Rb6
40. Rb4 Kf6 41. Kc3 g5 42. hxg5+ Kxg5 43. Kc4 f4 44. Kc5 Rb8 45. b6 Kf5 46. Kc6
e4 47. b7 e3 48. Kc7 Rxb7+ 49. Kxb7 e2 50. Rb1 f3 51. Re1 f2 52. Rxe2 f1=Q 53.
Re7 Qb5+ 54. Kc7 Qc5+ 55. Kd7 Qxe7+ 56. Kxe7 h5 57. Kd6 h4 58. Kd5 h3 59. Kd4
h2 60. Kd5 h1=Q+ 61. Kd6 Qe4 0-1

[Event "Sri Lanka Women's National B Chess Championship 20"]
[Site "SLIIT, Malabe"]
[Date "2015.05.19"]
[Round "2"]
[Board "1"]
[White "Nonis, P A R R"]
[Black "Premanath, Dinushki"]
[Result "0-1"]
[WhiteElo "1488"]
[BlackElo "1854"]
[PlyCount "58"]
[EventDate "2015.05.19"]
[EventRounds "10"]
[EventCountry "SRI"]

1. e4 c5 2. Nf3 Nc6 3. d4 cxd4 4. Nxd4 g6 5. Be3 Bg7 6. Nc3 Nf6 7. f3 O-O 8.
Qd2 d5 9. exd5 Nxd5 10. Nxc6 bxc6 11. Bd4 e5 12. Bc5 Re8 13. O-O-O Qa5 14. Nxd5
Qxc5 15. Nc7 Bf5 16. Qe2 Reb8 17. Nxa8 Qb4 18. b3 Qc3 19. g4 Bh6+ 20. Kb1 Bf8
21. Qd2 Rxb3+ 22. axb3 Qxb3+ 23. Ka1 Qa3+ 24. Kb1 Qb3+ 25. Ka1 Bxc2 26. Qa5 e4
27. fxe4 Bg7+ 28. e5 Bxe5+ 29. Qxe5 Qa3# 0-1

[Event "Sri Lanka Women's National B Chess Championship 20"]
[Site "SLIIT, Malabe"]
[Date "2015.05.19"]
[Round "2"]
[Board "2"]
[White "Gunawardana, I M T M"]
[Black "Wickramasinghe, Dilhara Ishini"]
[Result "0-1"]
[WhiteElo "1466"]
[BlackElo "1698"]
[PlyCount "55"]
[EventDate "2015.05.19"]
[EventRounds "10"]
[EventCountry "SRI"]

1. e4 c5 2. Nf3 d6 3. Bb5+ Bd7 4. Bxd7+ Qxd7 5. O-O Nc6 6. c3 Nf6 7. Re1 e6 8.
d4 cxd4 9. cxd4 d5 10. e5 Ne4 11. Nc3 Nxc3 12. bxc3 O-O-O 13. Be3 Na5 14. Nd2
Kb8 15. Rc1 Ba3 16. Rb1 Rc8 17. Nb3 Nc4 18. Bc1 Be7 19. Re2 Ka8 20. a4 Qxa4 21.
Ra1 Qc6 22. Rea2 a6 23. Qc2 Ka7 24. Nd2 Nxd2 25. Bxd2 g6 26. Ra4 Qd7 27. R1a2
Rc6 28. Be3 0-1

[Event "Sri Lanka Women's National B Chess Championship 20"]
[Site "SLIIT, Malabe"]
[Date "2015.05.19"]
[Round "2"]
[Board "3"]
[White "Ranasinghe, Thinithi Sahanika"]
[Black "Udagedara, Sandali Kanishka"]
[Result "0-1"]
[WhiteElo "1682"]
[BlackElo "1492"]
[PlyCount "64"]
[EventDate "2015.05.19"]
[EventRounds "10"]
[EventCountry "SRI"]

1. c4 g6 2. Nc3 Bg7 3. g3 e5 4. Bg2 d6 5. d3 f5 6. Nf3 Nc6 7. Rb1 a5 8. a3 Nge7
9. O-O O-O 10. Bd2 f4 11. Qc1 fxg3 12. hxg3 Nf5 13. b4 Nfd4 14. b5 Nxf3+ 15.
Bxf3 Nd4 16. Bd5+ Kh8 17. Kg2 c6 18. bxc6 bxc6 19. Be4 Bg4 20. f3 Be6 21. Rh1
Kg8 22. f4 d5 23. cxd5 cxd5 24. Bf3 Nxf3 25. exf3 exf4 26. Bxf4 Qf6 27. Qe3 d4
28. Qe4 dxc3 29. Rb7 Rae8 30. Qa4 g5 31. Rh2 gxf4 32. g4 Bd5 0-1

[Event "Sri Lanka Women's National B Chess Championship 20"]
[Site "SLIIT, Malabe"]
[Date "2015.05.19"]
[Round "2"]
[Board "4"]
[White "Abeysinghe, H M H Janandani"]
[Black "Balasuriya, Sajini Hasara"]
[Result "1-0"]
[WhiteElo "1444"]
[BlackElo "1571"]
[PlyCount "79"]
[EventDate "2015.05.19"]
[EventRounds "10"]
[EventCountry "SRI"]

1. e4 d6 2. d4 Nf6 3. Nc3 g6 4. f3 Bg7 5. Be3 Nc6 6. Bb5 Bd7 7. Bxc6 Bxc6 8.
Nge2 e5 9. d5 Bd7 10. Qd2 Nh5 11. O-O-O f5 12. exf5 gxf5 13. f4 Qe7 14. fxe5
Bxe5 15. Bd4 Rg8 16. g3 Nf6 17. Bxe5 dxe5 18. d6 cxd6 19. Qxd6 Bc6 20. Rhf1
Qxd6 21. Rxd6 Ke7 22. Rd2 Rg5 23. h4 Rh5 24. Re1 Kf7 25. Ng1 f4 26. gxf4 exf4
27. Rf2 Rxh4 28. Ref1 Re8 29. Nge2 f3 30. Ng1 Ng4 31. Nxf3 Bxf3 32. Rxf3+ Kg8
33. Rf4 h5 34. Nd5 Rh2 35. Rxg4+ Kh8 36. Rgf4 Ree2 37. Rf8+ Kg7 38. R8f7+ Kh8
39. Rc7 Re8 40. Nf6 1-0

[Event "Sri Lanka Women's National B Chess Championship 20"]
[Site "SLIIT, Malabe"]
[Date "2015.05.19"]
[Round "2"]
[Board "5"]
[White "Peiris, H Pevinya"]
[Black "Kodikara, K K M Sachintha"]
[Result "0-1"]
[WhiteElo "1563"]
[BlackElo "1474"]
[PlyCount "66"]
[EventDate "2015.05.19"]
[EventRounds "10"]
[EventCountry "SRI"]

1. e4 d5 2. exd5 Qxd5 3. Nc3 Qa5 4. Nf3 Nf6 5. d4 c6 6. Bc4 Bf5 7. Ne5 e6 8.
O-O Bd6 9. f4 Nbd7 10. Rb1 Qb6 11. Kh1 O-O 12. Be2 Rad8 13. Nc4 Qc7 14. Nxd6
Qxd6 15. Be3 Nb6 16. a3 Nbd5 17. Nxd5 exd5 18. Bd2 Qc7 19. Be1 h6 20. Bh4 Rd6
21. Be1 Re8 22. Bf3 Rde6 23. Bd2 Qb6 24. g4 Be4 25. Bxe4 Nxe4 26. f5 R6e7 27.
Bb4 Rd7 28. Kg2 a5 29. Be1 Ree7 30. Bh4 f6 31. c3 Nd6 32. Re1 Rxe1 33. Bxe1 Qb5
{(Unclear Recording)} 0-1

[Event "Sri Lanka Women's National B Chess Championship 20"]
[Site "SLIIT, Malabe"]
[Date "2015.05.19"]
[Round "2"]
[Board "6"]
[White "Saumy, Zainab"]
[Black "Yapa Bandara, Chamodya"]
[Result "1/2-1/2"]
[WhiteElo "1510"]
[BlackElo "1460"]
[PlyCount "30"]
[EventDate "2015.05.19"]
[EventRounds "10"]
[EventCountry "SRI"]

1. d4 Nf6 2. c4 e6 3. Nf3 d5 4. Nc3 Be7 5. Bf4 O-O 6. e3 Nbd7 7. c5 Ne4 8. Rc1
Nxc3 9. Rxc3 b6 10. b4 a5 11. a3 axb4 12. axb4 bxc5 13. bxc5 Nf6 14. Nd2 Nd7
15. Nf3 Nf6 1/2-1/2

[Event "Sri Lanka Women's National B Chess Championship 20"]
[Site "SLIIT, Malabe"]
[Date "2015.05.19"]
[Round "2"]
[Board "7"]
[White "Sarathchandra, Gihansa M"]
[Black "De Silva, Chamindra"]
[Result "0-1"]
[WhiteElo "1297"]
[BlackElo "1509"]
[PlyCount "76"]
[EventDate "2015.05.19"]
[EventRounds "10"]
[EventCountry "SRI"]

1. e4 c5 2. Nc3 d6 3. f4 Nd7 4. Nf3 e6 5. Be2 a6 6. d3 Qc7 7. Bd2 Ngf6 8. O-O
b5 9. a3 Bb7 10. Qe1 Be7 11. Rc1 e5 12. Nd1 d5 13. exd5 Bxd5 14. Nxe5 Nxe5 15.
fxe5 Qxe5 16. Bf4 Qe6 17. c4 bxc4 18. dxc4 Bb7 19. Nc3 O-O 20. Qg3 Kh8 21. Rfe1
Qf5 22. Bd3 Qd7 23. Rcd1 Rfd8 24. Bxh7 Qc6 25. Be4 Qc8 26. Bxb7 Qxb7 27. Qh3+
Kg8 28. Nd5 Nxd5 29. Rxd5 Bf6 30. Red1 Qxb2 31. Rh5 Bd4+ 32. Kh1 g6 33. Rh7 Qe2
34. g3 Qxd1+ 35. Kg2 Qe2+ 36. Kh1 Qe4+ 37. Qg2 Qb1+ 38. Qg1 Qxg1# 0-1